[Event "EUR-chT Seniors 50"]
[Site "Mali Losinj"]
[Date "2019.09.24"]
[Round "7.2"]
[White "Mohr, Georg"]
[Black "Dusper, Hrvoje"]
[Result "1/2-1/2"]
[WhiteElo "2445"]
[BlackElo "2221"]
[PlyCount "135"]
[EventDate "2019.09.18"]
[EventType "team-swiss"]
[EventRounds "9"]
[EventCountry "CRO"]
[SourceTitle "EXT 2020"]
[Source "ChessBase"]
[SourceDate "2019.10.17"]
[SourceVersion "1"]
[SourceVersionDate "2019.10.17"]
[SourceQuality "1"]
[WhiteTeam "Maribor 50"]
[BlackTeam "Croatia 50 II"]
[WhiteTeamCountry "SLO"]
[BlackTeamCountry "CRO"]

1. e4 c5 2. Nf3 Nc6 3. d4 cxd4 4. Nxd4 g6 5. c4 Bg7 6. Be3 Nf6 7. Nc3 Ng4 8. Qxg4 Nxd4 9. Qd1 Ne6 10. Rc1 0-0 11. Bd3 d6 12. Qd2 Nc5 13. Bb1 b6 14. 0-0 Bb7 15. f3 Re8 16. Rfd1 Rc8 17. Nb5 a6 18. Nd4 Ba8 19. b4 Nd7 20. Bd3 Qc7 21. Bf1 Qb8 22. Nb3 Bc6 23. Qf2 Ba4 24. Rd2 Bxb3 25. axb3 a5 26. Rd5 axb4 27. Rb5 Nc5 28. Rxb4 Qa7 29. Rb5 Qa3 30. Rb1 Rb8 31. Qd2 Rec8 32. Qc2 Rc7 33. Bf2 Ra7 34. b4 Ne6 35. Rxb6 Rxb6 36. Bxb6 Rb7 37. Ba5 Bd4+ 38. Kh1 Qe3 39. Bd3 Nf4 40. Rd1 Nh3 41. Rf1 Nf2+ 42. Qxf2 Qxf2 43. Rxf2 Bxf2 44. e5 Be1 45. exd6 exd6 46. Be4 Rb8 47. Bc7 Rxb4 48. Bxd6 Rxc4 49. g4 Bb4 50. Bf4 Kg7 51. g5 Bc3 52. Kg2 f6 53. gxf6+ Bxf6 54. Kg3 Rc5 55. Be3 Ra5 56. h3 Be5+ 57. f4 Ra3 58. Kf2 Bf6 59. Ke2 Ra4 60. Bc6 Ra3 61. Bd7 h6 62. Be6 g5 63. fxg5 hxg5 64. Kf2 Ra5 65. Kf3 Bc3 66. Bf2 Kf6 67. Bg4 Ra2 68. h4 1/2-1/2

[Event "EUR-chT Seniors 50"]
[Site "Mali Losinj"]
[Date "2019.09.23"]
[Round "6.2"]
[White "Dusper, Hrvoje"]
[Black "Zelcic, Robert"]
[Result "1/2-1/2"]
[WhiteElo "2221"]
[BlackElo "2503"]
[PlyCount "117"]
[EventDate "2019.09.18"]
[EventType "team-swiss"]
[EventRounds "9"]
[EventCountry "CRO"]
[SourceTitle "EXT 2020"]
[Source "ChessBase"]
[SourceDate "2019.10.17"]
[SourceVersion "1"]
[SourceVersionDate "2019.10.17"]
[SourceQuality "1"]
[WhiteTeam "Croatia 50 II"]
[BlackTeam "Croatia 50"]
[WhiteTeamCountry "CRO"]
[BlackTeamCountry "CRO"]

1. c4 e5 2. Nc3 Nf6 3. g3 d5 4. cxd5 Nxd5 5. Bg2 Ne7 6. e3 Nbc6 7. Nge2 g6 8. 0-0 Bg7 9. f4 0-0 10. fxe5 Nxe5 11. d4 Nc4 12. b3 Nd6 13. e4 Bg4 14. e5 Ndf5 15. Bxb7 c5 16. Rf4 Bxe2 17. Nxe2 Rb8 18. Be4 Nxd4 19. Bb2 Bxe5 20. Rf2 Rb4 21. Nxd4 Bxd4 22. Bxd4 Rxd4 23. Qc2 Qd6 24. Bf3 h5 25. Rc1 Rc8 26. Be2 h4 27. Bc4 Rf8 28. gxh4 Rg4+ 29. Rg2 Qd4+ 30. Qf2 Qxf2+ 31. Kxf2 Rd4 32. h5 Rd2+ 33. Kg1 Rxg2+ 34. Kxg2 gxh5 35. Be2 Rd8 36. Rxc5 Rd2 37. Kf1 Rxa2 38. Rxh5 Kg7 39. Rc5 f5 40. h4 Kf6 41. h5 Kg5 42. Rc7 Nd5 43. Rg7+ Kf4 44. h6 Ra1+ 45. Kg2 Ra2 46. Kf2 Nc3 47. h7 Rxe2+ 48. Kg1 Re1+ 49. Kh2 Re2+ 50. Rg2 Re8 51. Rg8 Re2+ 52. Kg1 Re1+ 53. Kg2 Re2+ 54. Kf1 Rh2 55. h8Q Rxh8 56. Rxh8 Ke3 57. Ke1 Kd3 58. Rh3+ Kc2 59. Rf3 1/2-1/2

[Event "EUR-chT Seniors 50"]
[Site "Mali Losinj"]
[Date "2019.09.20"]
[Round "3.3"]
[White "Pastor Alonso de Prado, Emilio Alberto"]
[Black "Dusper, Hrvoje"]
[Result "1-0"]
[WhiteElo "2010"]
[BlackElo "2221"]
[PlyCount "71"]
[EventDate "2019.09.18"]
[EventType "team-swiss"]
[EventRounds "9"]
[EventCountry "CRO"]
[SourceTitle "EXT 2020"]
[Source "ChessBase"]
[SourceDate "2019.10.17"]
[SourceVersion "1"]
[SourceVersionDate "2019.10.17"]
[SourceQuality "1"]
[WhiteTeam "Spain 50"]
[BlackTeam "Croatia 50 II"]
[WhiteTeamCountry "ESP"]
[BlackTeamCountry "CRO"]

1. e4 d5 2. exd5 Nf6 3. Nf3 Bg4 4. h3 Bh5 5. d4 Qxd5 6. Nc3 Qa5 7. g4 Bg6 8. Ne5 c6 9. h4 Be4 10. Nc4 Qc7 11. Nxe4 Nxe4 12. Qf3 Nd6 13. Bf4 Nd7 14. 0-0-0 Nf6 15. g5 Nd5 16. Bd2 Nxc4 17. Bxc4 e6 18. h5 0-0-0 19. Kb1 c5 20. dxc5 Bxc5 21. Bc1 Nb6 22. Bb3 Rxd1 23. Rxd1 Re8 24. a4 a5 25. Qc3 g6 26. h6 Bxf2 27. Qxc7+ Kxc7 28. Rf1 Bc5 29. Rxf7+ Re7 30. Bxe6 Nd7 31. Bf4+ Kd8 32. Rxe7 Bxe7 33. Bg8 Nf8 34. Ka2 Kd7 35. Bd2 Ne6 36. Bxh7 1-0

[Event "Harkany Tenkes Cup 42nd"]
[Site "Harkany"]
[Date "2018.11.27"]
[Round "6"]
[White "Udvardi, Zalan"]
[Black "Dusper, Hrvoje"]
[Result "1-0"]
[WhiteElo "2212"]
[BlackElo "2207"]
[PlyCount "33"]
[EventDate "2018.11.23"]
[EventType "swiss"]
[EventRounds "9"]
[EventCountry "HUN"]
[SourceTitle "CBM 187 Extra"]
[Source "ChessBase"]
[SourceDate "2018.11.04"]
[SourceVersion "1"]
[SourceVersionDate "2018.11.04"]
[SourceQuality "1"]

1. e4 c5 2. c3 Nf6 3. e5 Nd5 4. d4 cxd4 5. Nf3 Nc6 6. cxd4 d6 7. Bc4 Nb6 8. Bb3 e6 9. Bd2 dxe5 10. dxe5 Be7 11. 0-0 0-0 12. Nc3 Nd4 13. Nxd4 Qxd4 14. Qe2 Bd7 15. Rfd1 Qh4 16. Be3 Bc6 17. Rd4 1-0

[Event "Osijek-Baranja CupT 11th"]
[Site "Nasice"]
[Date "2018.02.18"]
[Round "5.3"]
[White "Dusper, Hrvoje"]
[Black "Tomaic, Goran"]
[Result "1-0"]
[WhiteElo "2216"]
[BlackElo "2083"]
[PlyCount "43"]
[EventDate "2018.02.16"]
[EventType "team-swiss"]
[EventRounds "5"]
[EventCountry "CRO"]
[SourceTitle "EXT 2023"]
[Source "ChessBase"]
[SourceDate "2022.10.05"]
[SourceVersion "1"]
[SourceVersionDate "2022.10.05"]
[SourceQuality "1"]
[WhiteTeam "Djurdjenovac SK"]
[BlackTeam "Velimirovac Radnik"]
[WhiteTeamCountry "CRO"]
[BlackTeamCountry "CRO"]

1. d4 e6 2. c4 d5 3. Nf3 Nf6 4. g3 c6 5. Bg2 Bd6 6. 0-0 0-0 7. Nc3 h6 8. b3 b6 9. Bb2 Bb7 10. Qc2 dxc4 11. bxc4 c5 12. d5 exd5 13. cxd5 Nxd5 14. Nxd5 Bxd5 15. Rad1 Bc6 16. Be5 Re8 17. Bxd6 Qc8 18. Nh4 Bxg2 19. Nxg2 Nc6 20. a3 Qe6 21. Qa4 Na5 22. Bxc5 1-0

[Event "Osijek Baranja CupT 5th"]
[Site "Nasice"]
[Date "2012.03.10"]
[Round "2.4"]
[White "Grgic, Neomi"]
[Black "Dusper, Hrvoje"]
[Result "0-1"]
[WhiteElo "1741"]
[BlackElo "2166"]
[PlyCount "138"]
[EventDate "2012.03.09"]
[EventType "team-swiss"]
[EventRounds "5"]
[EventCountry "CRO"]
[SourceTitle "EXT 2014"]
[Source "ChessBase"]
[SourceDate "2013.11.20"]
[SourceVersion "1"]
[SourceVersionDate "2013.11.20"]
[SourceQuality "1"]

1. e4 d5 2. exd5 Nf6 3. Bb5+ Nbd7 4. Nc3 a6 5. Ba4 b5 6. Bb3 Nb6 7. d4 Bb7 8. Nf3 Nbxd5 9. 0-0 e6 10. Re1 Be7 11. Bg5 0-0 12. Nxd5 Bxd5 13. c3 Re8 14. Bc2 c5 15. Bxf6 Bxf6 16. Be4 Bxe4 17. Rxe4 Qd5 18. Qe2 Red8 19. dxc5 Qxc5 20. Rd1 Rxd1+ 21. Qxd1 Rd8 22. Qe2 Qd5 23. a3 Qd1+ 24. Qxd1 Rxd1+ 25. Re1 Rd5 26. Kf1 Kf8 27. Re3 Rd1+ 28. Re1 Rxe1+ 29. Kxe1 Ke7 30. Kd2 Kd6 31. Kd3 Kd5 32. b3 e5 33. Nd2 Be7 34. c4+ bxc4+ 35. bxc4+ Kc6 36. a4 f5 37. f3 Bb4 38. Nb3 h5 39. Ke3 h4 40. h3 Kd6 41. Kd3 Bc5 42. Nd2 Bf2 43. Nb3 Bg3 44. Ke3 Bf4+ 45. Kd3 g6 46. Kc3 Be3 47. Kd3 Bb6 48. Na1 Kc5 49. Nc2 Ba5 50. Ne3 Kb4 51. Nd5+ Kxa4 52. Ne7 Bd8 53. Nxg6 Kb3 54. Nxe5 a5 55. c5 a4 56. Nc4 Bc7 57. Kd4 a3 58. Nxa3 Kxa3 59. Kd5 Kb4 60. Ke6 f4 61. Kf5 Kxc5 62. Kg4 Kd4 63. Kxh4 Ke3 64. Kg4 Kf2 65. h4 Kxg2 66. h5 Kf2 67. h6 Ke3 68. Kf5 Ba5 69. Kg4 Bc3 0-1

[Event "Osijek Baranja CupT 5th"]
[Site "Nasice"]
[Date "2012.03.09"]
[Round "1.2"]
[White "Dusper, Hrvoje"]
[Black "Bubalovic, Davorin"]
[Result "1/2-1/2"]
[WhiteElo "2166"]
[BlackElo "2283"]
[PlyCount "23"]
[EventDate "2012.03.09"]
[EventType "team-swiss"]
[EventRounds "5"]
[EventCountry "CRO"]
[SourceTitle "EXT 2014"]
[Source "ChessBase"]
[SourceDate "2013.11.20"]
[SourceVersion "1"]
[SourceVersionDate "2013.11.20"]
[SourceQuality "1"]

1. e4 c5 2. Nf3 d6 3. d4 cxd4 4. Nxd4 Nf6 5. Nc3 a6 6. Bg5 e6 7. f4 Qb6 8. Qd2 Nc6 9. Bxf6 gxf6 10. Nb3 Bd7 11. 0-0-0 0-0-0 12. Be2 1/2-1/2

[Event "Harkany Tenkes Cup 33rd"]
[Site "Harkany"]
[Date "2009.11.29"]
[Round "4"]
[White "Gara, Anita"]
[Black "Dusper, Hrvoje"]
[Result "1-0"]
[WhiteElo "2369"]
[BlackElo "2211"]
[PlyCount "73"]
[EventDate "2009.11.26"]
[EventType "swiss"]
[EventRounds "9"]
[EventCountry "HUN"]
[SourceTitle "EXT 2011"]
[Source "ChessBase"]
[SourceDate "2010.11.26"]
[SourceVersion "1"]
[SourceVersionDate "2010.11.26"]
[SourceQuality "1"]

1. e4 e5 2. Nf3 Nc6 3. Bc4 Bc5 4. 0-0 Nf6 5. d4 exd4 6. e5 d5 7. exf6 dxc4 8. fxg7 Rg8 9. Re1+ Be6 10. Ng5 Qd5 11. Nc3 Qf5 12. Nce4 Be7 13. Nxe6 fxe6 14. Qe2 0-0-0 15. Qxc4 Ne5 16. Qe2 d3 17. cxd3 Nxd3 18. Ng3 Qg6 19. Qxe6+ Qxe6 20. Rxe6 Nxc1 21. Rxc1 Rxg7 22. Ne4 Rd5 23. f4 Kd7 24. Rh6 Rd4 25. Re1 Rf7 26. g3 Bb4 27. Re2 Re7 28. Nf6+ Kd8 29. Rc2 c5 30. Rxh7 c4 31. Rh5 Re1+ 32. Kg2 Red1 33. Kf3 R1d3+ 34. Kg4 Be7 35. Rh8+ Kc7 36. Rh7 Kd8 37. Ng8 1-0

[Event "Bizovac Metalis op 14th"]
[Site "Bizovac"]
[Date "2007.02.24"]
[Round "5"]
[White "Dusper, Hrvoje"]
[Black "Cebalo, Miso"]
[Result "0-1"]
[WhiteElo "2260"]
[BlackElo "2471"]
[PlyCount "75"]
[EventDate "2007.02.22"]
[EventType "swiss"]
[EventRounds "7"]
[EventCountry "CRO"]
[SourceTitle "CBM 116 Extra"]
[Source "ChessBase"]
[SourceDate "2007.03.07"]
[SourceVersion "1"]
[SourceVersionDate "2007.03.07"]
[SourceQuality "1"]

1. e4 c5 2. Nf3 d6 3. d4 cxd4 4. Nxd4 Nf6 5. Nc3 g6 6. Be3 Bg7 7. f3 0-0 8. Qd2 Nc6 9. Bc4 Bd7 10. h4 Ne5 11. Bb3 h5 12. 0-0-0 Rc8 13. Bh6 Nc4 14. Bxc4 Rxc4 15. Bxg7 Kxg7 16. g4 Qa5 17. Nb3 Qa6 18. e5 dxe5 19. g5 Bf5 20. gxf6+ exf6 21. Rh2 Rfc8 22. Qd6 R8c6 23. Qe7 Rc7 24. Qd6 b6 25. Rdd2 Rd7 26. Qxd7 Bxd7 27. Rxd7 Rf4 28. Rd3 Qc4 29. Nd2 Qc5 30. Rh1 f5 31. Re1 Rxh4 32. Rd5 Qf2 33. Rexe5 Rh1+ 34. Nd1 h4 35. Re7 Qg1 36. Nc4 Qg5+ 37. Re3 h3 38. Kd2 0-1

[Event "Bizovac Metalis op 14th"]
[Site "Bizovac"]
[Date "2007.02.23"]
[Round "4"]
[White "Srbis, Jurica"]
[Black "Dusper, Hrvoje"]
[Result "0-1"]
[WhiteElo "2006"]
[BlackElo "2260"]
[PlyCount "128"]
[EventDate "2007.02.22"]
[EventType "swiss"]
[EventRounds "7"]
[EventCountry "CRO"]
[SourceTitle "CBM 116 Extra"]
[Source "ChessBase"]
[SourceDate "2007.03.07"]
[SourceVersion "1"]
[SourceVersionDate "2007.03.07"]
[SourceQuality "1"]

1. e4 e5 2. Nf3 Nc6 3. Bb5 Bc5 4. 0-0 Nd4 5. Bc4 Nxf3+ 6. Qxf3 Nf6 7. d3 d6 8. Bg5 h6 9. Bxf6 Qxf6 10. Qxf6 gxf6 11. Nc3 c6 12. Na4 Bb4 13. a3 Ba5 14. Nc3 b5 15. Bb3 Bb6 16. Kh1 Be6 17. Bxe6 fxe6 18. Ne2 Ke7 19. f4 exf4 20. Nxf4 Rag8 21. Rae1 h5 22. Rf3 Rg4 23. g3 h4 24. h3 hxg3 25. Kg2 Rg5 26. Rxg3 Rxg3+ 27. Kxg3 Kf7 28. c3 Bc7 29. Rh1 d5 30. Kf3 dxe4+ 31. dxe4 Rd8 32. Ke3 Bxf4+ 33. Kxf4 Rd2 34. Rb1 Rd3 35. Re1 Rxh3 36. Re2 e5+ 37. Kg4 Rh1 38. Rf2 Ke6 39. Kf3 Rb1 40. Ke3 a5 41. Re2 Rd1 42. Rf2 Re1+ 43. Kf3 a4 44. c4 Rc1 45. cxb5 cxb5 46. Rd2 Rc4 47. Rd3 b4 48. axb4 Rxb4 49. Rd2 Rb3+ 50. Kf2 Rh3 51. Rd5 Rh2+ 52. Kg3 Rxb2 53. Ra5 Ra2 54. Kg4 a3 55. Kh5 Rh2+ 56. Kg4 Rg2+ 57. Kf3 Ra2 58. Kg4 Ra1 59. Ra6+ Kf7 60. Kf5 Rf1+ 61. Kg4 Rf4+ 62. Kg3 Rxe4 63. Rxa3 Kg6 64. Kf3 Rb4 0-1

[Event "Bizovac Metalis op 12th"]
[Site "Bizovac"]
[Date "2005.02.24"]
[Round "2"]
[White "Dusper, Hrvoje"]
[Black "Jovanovic, Zoran"]
[Result "0-1"]
[WhiteElo "2212"]
[BlackElo "2471"]
[PlyCount "60"]
[EventDate "2005.02.24"]
[EventType "swiss"]
[EventRounds "7"]
[EventCountry "CRO"]
[SourceTitle "CBM 105 Extra"]
[Source "ChessBase"]
[SourceDate "2005.05.01"]
[SourceVersion "1"]
[SourceVersionDate "2005.05.01"]
[SourceQuality "1"]

1. e4 d6 2. d4 Nf6 3. Nc3 e5 4. dxe5 dxe5 5. Qxd8+ Kxd8 6. Nf3 Bd6 7. Bc4 Ke7 8. 0-0 Nbd7 9. Ng5 Rf8 10. f4 exf4 11. Bxf4 Bxf4 12. Rxf4 Ne5 13. Bb3 c6 14. Rff1 Be6 15. Ne2 Rad8 16. Ng3 h6 17. Nf3 Nfd7 18. Nh5 g6 19. Nf4 Nxf3+ 20. gxf3 Ne5 21. Nxe6 fxe6 22. f4 Nd7 23. Rae1 Nc5 24. Re3 Rd4 25. Rg3 g5 26. fxg5 Rxf1+ 27. Kxf1 Nxe4 28. Rh3 hxg5 29. Rh7+ Kd6 30. Rxb7 Rd2 0-1

[Event "Harkany Tenkes Cup 28th"]
[Site "Harkany"]
[Date "2004.12.01"]
[Round "7"]
[White "Dusper, Hrvoje"]
[Black "Balog, Marton"]
[Result "1-0"]
[WhiteElo "2235"]
[BlackElo "2159"]
[PlyCount "159"]
[EventDate "2004.11.25"]
[EventType "swiss"]
[EventRounds "9"]
[EventCountry "HUN"]
[SourceTitle "EXT 2008"]
[Source "ChessBase"]
[SourceDate "2007.11.25"]
[SourceVersion "1"]
[SourceVersionDate "2007.11.25"]
[SourceQuality "1"]

1. e4 c5 2. Nf3 e6 3. d4 cxd4 4. Nxd4 a6 5. Bd3 Bc5 6. Nb3 Be7 7. 0-0 d6 8. f4 Nd7 9. N1d2 b6 10. Nf3 Bb7 11. Qe2 Bf6 12. c3 Ne7 13. Bd2 0-0 14. Rae1 Nc6 15. Nfd4 Qc7 16. Rf3 g6 17. Rh3 Rfe8 18. g4 Nc5 19. Nxc6 Nxd3 20. Qxd3 Qxc6 21. Nd4 Bxd4+ 22. cxd4 f5 23. gxf5 exf5 24. Qb3+ d5 25. Rc1 Qd7 26. e5 b5 27. Ba5 Rac8 28. Rhc3 Rc4 29. Qd1 Rec8 30. b3 Rxc3 31. Rxc3 Rxc3 32. Bxc3 Qc6 33. Qd2 Kf7 34. Bb4 Ke6 35. Bc5 Qc7 36. Qc3 h6 37. Qg3 Qg7 38. h4 Bc6 39. Kf2 Qf7 40. Ke3 Be8 41. Kd2 Kd7 42. Qc3 g5 43. Qa5 Qg6 44. Bd6 Ke6 45. Qd8 Kf7 46. Qe7+ Kg8 47. hxg5 hxg5 48. Qxg5 Qxg5 49. fxg5 Kf7 50. Ke3 Ke6 51. Bb4 Bh5 52. Bd2 Bg6 53. Ke2 Kd7 54. Kd1 Bf7 55. Kc2 Kc6 56. Ba5 Bg6 57. Kb2 Bf7 58. Bd2 Be6 59. Kc3 Bf7 60. Kb4 Kb6 61. a4 Bg6 62. axb5 axb5 63. e6 Kc6 64. Bf4 Be8 65. Be5 Bg6 66. Ka5 Be8 67. Ka6 Bg6 68. b4 Bh7 69. Ka7 Bg8 70. e7 Bf7 71. Kb8 Kd7 72. Kb7 Be8 73. Kb6 Kxe7 74. Kc5 Ke6 75. g6 Ke7 76. g7 Kf7 77. Kxd5 Bd7 78. Bf6 Be6+ 79. Ke5 f4 80. d5 1-0

[Event "Bizovac Metalis op 11th"]
[Site "Bizovac"]
[Date "2004.02.26"]
[Round "2"]
[White "Dusper, Hrvoje"]
[Black "Leventic, Ivan"]
[Result "0-1"]
[WhiteElo "2241"]
[BlackElo "2480"]
[PlyCount "69"]
[EventDate "2004.02.26"]
[EventType "swiss"]
[EventRounds "7"]
[EventCountry "CRO"]
[SourceTitle "CBM 098 Extra"]
[Source "ChessBase"]
[SourceDate "2004.03.10"]
[SourceVersion "2"]
[SourceVersionDate "2004.03.10"]
[SourceQuality "1"]

1. e4 Nf6 2. e5 Nd5 3. d4 d6 4. Nf3 Bg4 5. Be2 Nc6 6. e6 fxe6 7. c3 Qd7 8. 0-0 g6 9. Re1 Bg7 10. Ng5 Bxe2 11. Qxe2 Nd8 12. c4 Nb6 13. Qd3 e5 14. d5 Qf5 15. Ne4 0-0 16. Nbc3 e6 17. Re3 exd5 18. cxd5 Qd7 19. Rh3 Nf7 20. Qg3 Qf5 21. Qh4 h5 22. Rf3 Qg4 23. Qxg4 hxg4 24. Rg3 c6 25. dxc6 bxc6 26. Rxg4 d5 27. Nc5 Nh8 28. Ne6 Rf6 29. Nxg7 Kxg7 30. Ne2 Nf7 31. Ng3 Re6 32. b3 d4 33. Bb2 Nd5 34. Ne4 Nf4 35. Rd1 0-1

[Event "Bizovac Metalis op 10th"]
[Site "Bizovac"]
[Date "2003.02.28"]
[Round "5"]
[White "Dusper, Hrvoje"]
[Black "Kristovic, Marijan"]
[Result "1/2-1/2"]
[WhiteElo "2204"]
[BlackElo "2330"]
[PlyCount "107"]
[EventDate "2003.02.26"]
[EventType "swiss"]
[EventRounds "9"]
[EventCountry "CRO"]
[SourceTitle "CBM 092 Extra"]
[Source "ChessBase"]
[SourceDate "2003.03.07"]
[SourceVersion "1"]
[SourceVersionDate "2003.03.07"]
[SourceQuality "1"]

1. e4 c5 2. Nf3 a6 3. c3 Nf6 4. e5 Nd5 5. d4 cxd4 6. cxd4 e6 7. Nc3 Nxc3 8. bxc3 Qc7 9. Bd2 Nc6 10. Bd3 d6 11. exd6 Bxd6 12. 0-0 h6 13. Re1 0-0 14. Qe2 Bd7 15. Ne5 Bxe5 16. dxe5 f5 17. exf6 Rxf6 18. Qe4 Ne7 19. Qh7+ Kf7 20. Re3 Nf5 21. Rf3 Qc8 22. g4 Nh4 23. Rxf6+ Kxf6 24. g5+ Kf7 25. gxh6 Qg8 26. Qxg8+ Rxg8 27. h7 Rh8 28. Be4 Bc6 29. Bxc6 bxc6 30. Be3 Rxh7 31. Rb1 Rh5 32. Rb4 Nf5 33. Bb6 Rh3 34. Rc4 Rd3 35. Rxc6 g5 36. Kf1 Rd1+ 37. Ke2 Ra1 38. c4 a5 39. Rc7+ Kf6 40. Ra7 a4 41. Rxa4 Rc1 42. Rb4 Rc2+ 43. Kd3 Rxa2 44. Bd8+ Kg6 45. Rb6 Kf7 46. Bxg5 Rxf2 47. h4 Rf3+ 48. Kd2 Nd4 49. c5 Nb3+ 50. Ke2 Rc3 51. c6 Nd4+ 52. Kd2 Rxc6 53. Rxc6 Nxc6 54. h5 1/2-1/2

[Event "Bosnjaci op 9th"]
[Site "Bosnjaci"]
[Date "2003.01.06"]
[Round "7"]
[White "Dusper, Hrvoje"]
[Black "Rogic, Davor"]
[Result "0-1"]
[WhiteElo "2204"]
[BlackElo "2496"]
[PlyCount "83"]
[EventDate "2003.01.03"]
[EventType "swiss"]
[EventRounds "7"]
[EventCountry "CRO"]
[SourceTitle "EXT 2004"]
[Source "ChessBase"]
[SourceDate "2003.11.25"]
[SourceVersion "1"]
[SourceVersionDate "2003.11.25"]
[SourceQuality "1"]

1. Nf3 d5 2. g3 c6 3. Bg2 Bg4 4. 0-0 Nd7 5. d4 Ngf6 6. c4 e6 7. Nc3 Be7 8. Qb3 Qb6 9. Qxb6 axb6 10. cxd5 exd5 11. h3 Be6 12. Ng5 Bf5 13. g4 Bc2 14. Bd2 h6 15. Rfc1 Bg6 16. Nf3 Ne4 17. Nxe4 Bxe4 18. Ne1 Bg6 19. Nc2 b5 20. f4 Bxc2 21. Rxc2 0-0 22. e4 dxe4 23. Bxe4 Ra4 24. Be3 Bf6 25. Bf5 Nb6 26. Rd1 Nd5 27. Bc1 Bxd4+ 28. Kg2 Bb6 29. b3 Raa8 30. g5 Rfd8 31. Kf3 Ne7 32. Rxd8+ Rxd8 33. Be4 hxg5 34. fxg5 Bd4 35. Ba3 Nd5 36. Rd2 Nc7 37. g6 Ne6 38. gxf7+ Kxf7 39. Rg2 Ra8 40. Bd6 Rd8 41. Bg3 Bf6 42. Re2 0-1

[Event "Harkany Tenkes Cup 26th"]
[Site "Harkany"]
[Date "2002.11.16"]
[Round "3"]
[White "Dusper, Hrvoje"]
[Black "Szemzo, Lajos"]
[Result "1-0"]
[WhiteElo "2185"]
[BlackElo "1995"]
[PlyCount "69"]
[EventDate "2002.11.14"]
[EventType "swiss"]
[EventRounds "9"]
[EventCountry "HUN"]
[SourceTitle "EXT 2008"]
[Source "ChessBase"]
[SourceDate "2007.11.25"]
[SourceVersion "1"]
[SourceVersionDate "2007.11.25"]
[SourceQuality "1"]

1. e4 c5 2. Nf3 Nc6 3. Nc3 d6 4. d4 cxd4 5. Nxd4 a6 6. Be3 Nf6 7. Be2 Qc7 8. 0-0 g6 9. Bg5 Nxd4 10. Qxd4 e5 11. Qd2 Bg7 12. Rad1 0-0 13. Qxd6 Qxd6 14. Rxd6 Be6 15. Rb6 Rab8 16. Rd1 Rfe8 17. f3 Bf8 18. Be3 Kg7 19. Nd5 Nd7 20. Rb3 Rec8 21. c4 Nc5 22. Rc3 Na4 23. Rc2 b5 24. b3 Nc5 25. cxb5 axb5 26. Rdc1 Na6 27. Rxc8 Rxc8 28. Rxc8 Bxc8 29. Bxb5 Nc5 30. Nb6 Be6 31. Bc4 Kf6 32. Kf2 Bxc4 33. Nxc4 Ke6 34. Bxc5 Bxc5+ 35. Ke2 1-0

[Event "Harkany Tenkes Cup 25th"]
[Site "Harkany"]
[Date "2001.11.21"]
[Round "3"]
[White "Haas, Johann"]
[Black "Dusper, Hrvoje"]
[Result "1/2-1/2"]
[WhiteElo "2068"]
[BlackElo "2184"]
[PlyCount "55"]
[EventDate "2001.11.19"]
[EventType "swiss"]
[EventRounds "9"]
[EventCountry "HUN"]
[SourceTitle "EXT 2004"]
[Source "ChessBase"]
[SourceDate "2003.11.25"]
[SourceVersion "1"]
[SourceVersionDate "2003.11.25"]
[SourceQuality "1"]

1. e4 e5 2. Nc3 Nc6 3. Bc4 Bc5 4. d3 d6 5. Be3 Nf6 6. Qd2 Be6 7. Bxe6 fxe6 8. Bxc5 dxc5 9. 0-0-0 0-0 10. f3 a6 11. Nce2 b5 12. g3 Qe7 13. Qe3 c4 14. Nh3 Rad8 15. dxc4 Na5 16. Rxd8 Rxd8 17. Rd1 Rxd1+ 18. Kxd1 Nxc4 19. Qc3 Qd6+ 20. Kc1 Nd7 21. b3 Na3 22. Qd2 Qxd2+ 23. Kxd2 b4 24. c4 Nc5 25. Nf2 Kf7 26. Nd3 Nb1+ 27. Kc2 Na3+ 28. Kd2 1/2-1/2

[Event "Harkany Tenkes Cup"]
[Site "Harkany"]
[Date "1999.11.28"]
[Round "7"]
[White "Dusper, Hrvoje"]
[Black "Straub, Peter"]
[Result "1-0"]
[WhiteElo "2232"]
[BlackElo "2120"]
[PlyCount "46"]
[EventDate "1999.11.??"]
[EventType "swiss"]
[EventRounds "9"]
[EventCountry "HUN"]
[SourceTitle "EXT 2004"]
[Source "ChessBase"]
[SourceDate "2003.11.25"]
[SourceVersion "1"]
[SourceVersionDate "2003.11.25"]
[SourceQuality "1"]

1. e4 e5 2. Nf3 d6 3. d4 exd4 4. Qxd4 Bd7 5. Bg5 Nc6 6. Qd2 Nf6 7. Nc3 Be7 8. 0-0-0 0-0 9. e5 Ne8 10. Bxe7 Nxe7 11. Ne4 d5 12. Nc5 b6 13. Nxd7 Qxd7 14. Bd3 h6 15. h3 c5 16. c3 Nc7 17. Bb1 a5 18. Qc2 g6 19. Nh4 Ne6 20. Qd2 Kg7 21. f4 Rg8 22. g4 Nc7 23. f5 Kh7 1-0